Working smarter : getting more done with less effort time and stress, this could become the bible for time management in the work place (Record no. 183890)
[ view plain ]
| 000 -LEADER | |
|---|---|
| fixed length control field | 00599nam a2200157Ia 4500 |
| 005 - DATE AND TIME OF LATEST TRANSACTION | |
| control field | 20250321090554.0 |
| 008 - FIXED-LENGTH DATA ELEMENTS--GENERAL INFORMATION | |
| fixed length control field | 231217s9999 xx 000 0 und d |
| 020 ## - INTERNATIONAL STANDARD BOOK NUMBER | |
| International Standard Book Number | 9788130903811 |
| 082 ## - DEWEY DECIMAL CLASSIFICATION NUMBER | |
| Classification number | 658.4093 ROB;1 R |
| 100 ## - MAIN ENTRY--PERSONAL NAME | |
| Personal name | Phelps, Graham Roberts. |
| 245 #0 - TITLE STATEMENT | |
| Title | Working smarter : getting more done with less effort time and stress, this could become the bible for time management in the work place |
| 260 ## - PUBLICATION, DISTRIBUTION, ETC. (IMPRINT) | |
| Date of publication, distribution, etc. | 2009 |
| Name of publisher, distributor, etc. | Viva Books |
| Place of publication, distribution, etc. | Bangalore |
| 300 ## - PHYSICAL DESCRIPTION | |
| Extent | x, 280 |
| 650 ## - SUBJECT ADDED ENTRY--TOPICAL TERM | |
| Topical term or geographic name as entry element | smarter,getting,more,done,less,effort,time,stress,,this,could,become,bible,time,management,workplace |
| 942 ## - ADDED ENTRY ELEMENTS (KOHA) | |
| Koha item type | Books |
| Date last seen | Total Checkouts | Full call number | Accession number | Old discount | Uniform Resource Identifier | Cost, replacement price | Price effective from | Category | Lost status | Damaged status | Department | Withdrawn status | bill no. | bill date | Permanent Location | Current Location | Shelving location | Entry date | Vendor | Cost, normal purchase price | Grants | Currency symbol | Conversion rate | Discount | Discount type |
|---|---|---|---|---|---|---|---|---|---|---|---|---|---|---|---|---|---|---|---|---|---|---|---|---|---|
| 26/01/2024 | 658.4093 ROB;1 R | 55564 | 25 | digital/contents/55564.pdf | 243.75 | 26/01/2024 | Books | Central Library | 2009/CRB/0000702 | 29/04/2013 | Central Library | Central Library | Central Library | 11/08/2009 | Intact Book House Pvt Ltd | 325.00 | MBA | RS | 1 | 81.25 | Rupees |
